00578 a2200229 4500260001000000630009900010037000800109650002800117100001900145700002300164700002000187260001200207245003400219300001000253650002300263260000900286300001000295100000700305037000900312037000900321020001800330 aParis a65 - Gestion et organisation de lindustrie, du commerce, de la communication et des transports bMES a6 - SCIENCES APPLIQUEES aIorio, Rina Di aSebbar, Bernadette aStösser, Anne bBréal aOutils de gestion commerciale a399p. aCommerce : gestion c2001 b26 cm lFr a9599 a9600 a2 84291 113 X